Responses for Show #2322 - Tuesday, October 11, 1994

Contestants

[<< previous game]

John Halvorson, a writer from Onalaska, Wisconsin

Bill Schilling, a financial aid director from Drexel Hill, Pennsylvania

Bobbie Francis, a gender equity consultant from Chatham, New Jersey

[next game >>]

Jeopardy! Round responses

TIME
LIFE
PEOPLE
GLAMOUR
THE ATLANTIC
BON APPETIT
    $100 5
December 31st

Bobbie
    $100 1
(John: What is the protoplasm?)

the nucleus

John
Triple Stumper
    $100 4
Tipper Gore

Bill
    $100 21
Mary, Queen of Scots

Bobbie
    $100 7
the Bermuda Triangle

Bill
    $100 25
snails

John
    $200 6
(Bobbie: What is tricentennial?)
(John: What is C-E-N?)

T-E-N

BobbieBillJohn
    $200 2
the placenta

Bobbie
    $200 14
a bungee jump

Bobbie
    $200 22
gold

Bobbie
    $200 8
the Gulf Stream

Bobbie
    $200 26
sauerkraut

Bobbie
    $300 12
pronto

Bobbie
    $500 3
(Bobbie: What is carbon?)

water

Bobbie
    $300 15
Princess Margaret

Bobbie
    $300 23
rice

Bobbie
    $300 9
the Atlas Mountains

Bill
    $300 28
duck

Bobbie
    $400 13
tempus fugit

Bill
    $400 19
the adrenal glands

John
    $400 16
Jane Alexander

Bobbie
    $400 24
saffron

Bill
    $400 10
Sargasso

Bobbie
    $400 29
vichyssoise

Bobbie
    $500 18
instant

John
    $500 20
the bronchi

John
    $500 17
Rod McKuen

Triple Stumper
    $500 27
Jezebel

Bobbie
    $500 11
Newfoundland

John
    $500 30
mushrooms

Bill

Scores at the first commercial break (after clue 13):

Bobbie Bill John
$500 $1,100 $200

Scores at the end of the Jeopardy! Round:

Bobbie Bill John
$3,400 $2,000 $1,700

Double Jeopardy! Round responses

WORLD CITIES
POLITICIANS
LITERARY CHARACTERS
THEATRE
U.S. CURRENCY
POTPOURRI
    $200 1
Abraham

John
    $200 6
Ike

Bill
    $200 11
Mowgli

Bobbie
    $200 16
O'Neill

Bobbie
    $200 26
Andrew Jackson

John
    $200 21
bridge

Bill
    $400 2
Florence

Bill
    $400 7
Ted Kennedy

John
    $400 12
Oliver Twist

Bill
    $400 17
Annie Get Your Gun

Bill
    $400 27
Monticello

Bobbie
    $400 22
the Moon

John
    $600 3
Toulouse

Bill
    $600 8
John Glenn

John
    $600 13
Elmer Gantry

John
    $600 18
Chekhov

Bill
    $600 28
the nickel & the penny

John
    $600 23
orchestra conductor

Bill
    $800 4
London

Triple Stumper
    $800 9
Ann Richards

Bobbie
    $800 14
The Pilgrim's Progress

Bobbie
    $800 19
July

Triple Stumper
    $800 29
a Gold Eagle

John
    $800 24
David Sarnoff

Bill
    $1,000 5
(Bill: Um, what is... uh... Leipzig?)

Stuttgart

Bill
    $1000 10
Dale Bumpers

Triple Stumper
    $1000 15
Thomas Hardy

Bill
    $1000 20
Stage Door

Triple Stumper
    $2,500 30
(Alex: E Pluribus Unum, In God We Trust and United States of America.)

liberty

John
    $1000 25
(Bobbie: What is Dumbarton Oaks?)

Lake Success

Bobbie
Triple Stumper

Scores at the end of the Double Jeopardy! Round:

Bobbie Bill John
$4,800 $6,200 $8,000

[wagering suggestions for these scores]

Final Jeopardy! Round responses

BIOGRAPHIES
BobbieWho was Lenin?
$500
BillWho was Trotsky?
$3,401
JohnWho was Stalin?
$4,500
(Leon) Trotsky

Final scores:

Bobbie Bill John
$4,300 $9,601 $3,500
2nd place: Gibson refrigerator, gas range & dishwasher + Jeopardy home game New champion: $9,601 3rd place: Emerson ceiling fan + Jeopardy home game

Game dynamics:

Coryat scores:

Bobbie Bill John
$5,300 $7,200 $6,500
20 R,
3 W
(including 1 DD)
17 R,
1 W
(including 1 DD)
14 R
(including 1 DD),
2 W

Combined Coryat: $19,000

[game clues] [game scores] [suggest correction]

Game tape date: 1994-08-23
The J! Archive is created by fans, for fans. Scraping, republication, monetization, and malicious use prohibited; this site may use cookies and collect identifying information. See terms. The Jeopardy! game show and all elements thereof, including but not limited to copyright and trademark thereto, are the property of Jeopardy Productions, Inc. and are protected under law. This website is not affiliated with, sponsored by, or operated by Jeopardy Productions, Inc. Join the discussion at JBoard.tv.